000
00188nam a2200073Ia 4500
008
170817s9999 xx 000 0 und d
100
_a
SINGH RAJ
245
0
_a
EDUCATIONAL & VOCATIONAL GUIDANCE
260
_b
COMMONWEALTH PUB
999
_c
37727
_d
37727